|
|
|
|
| LEADER |
00703nab a2200205 i 4500 |
| 001 |
acta9013 |
| 005 |
20250523124256.0 |
| 008 |
161015s1991 hu o 000 hun d |
| 022 |
|
|
|a 0865-5553
|
| 040 |
|
|
|a SZTE Egyetemi Kiadványok Repozitórium
|b hun
|
| 041 |
|
|
|a hun
|
| 100 |
1 |
|
|a Wrigley Robert
|
| 245 |
1 |
0 |
|a Egy ló hite ; Appalonea ; A tűz szerelmese
|h [elektronikus dokumentum] :
|b [vers] /
|c Wrigley Robert
|
| 260 |
|
|
|a Pompeji Alapítvány
|b Szeged
|c 1991
|
| 300 |
|
|
|a 40-43
|
| 490 |
0 |
|
|a Pompeji
|
| 650 |
|
4 |
|a Bölcsészettudományok
|
| 650 |
|
4 |
|a Nyelvek és irodalom
|
| 695 |
|
|
|a Amerikai irodalom - vers
|
| 856 |
4 |
0 |
|u http://acta.bibl.u-szeged.hu/9013/1/pompeji_1991_004_040-043.pdf
|z Dokumentum-elérés
|